[Event "DEM U16w 2015"]
[Site "Willingen GER"]
[Date "2015.05.26"]
[Round "5"]
[White "Sieber, Fiona"]
[Black "Rogozenco, Teodora"]
[Result "1-0"]
[Termination "normal"]
[Board "2"]
[WhiteTitle "WFM"]
[WhiteElo "2104"]
[BlackElo "1961"]
[WhiteClock "00:09:14"]
[BlackClock "00:02:23"]
[PlyCount "83"]
[WhiteFideId "12902373"]
[BlackFideId "12938084"]
[EventCountry "GER"]
[EventRounds "9"]
[EventType "swiss"]
[EventDate "2015.05.23"]

1. e4 e5 2. Nf3 Nc6 3. Bb5 a6 4. Ba4 Nf6 5. O-O Be7 6. Re1 b5 7. Bb3 O-O 8. c3
d5 9. exd5 Nxd5 10. Nxe5 Nxe5 11. Rxe5 c6 12. d3 Bd6 13. Re1 Bf5 14. Qf3 Qf6
15. Bxd5 cxd5 16. Bf4 Bxf4 17. Qxf4 Bxd3 18. Qxf6 gxf6 19. Nd2 b4 20. cxb4 Rfb8
21. Re3 Bg6 22. Rb3 d4 23. Rc1 Re8 24. Kf1 Re6 25. f3 Rae8 26. Ne4 Bxe4 27.
fxe4 Rxe4 28. Rd3 Re2 29. Rc8 Re1+ 30. Kf2 Rxc8 31. Kxe1 Rd8 32. Kd2 Rd5 33.
Rg3+ Kf8 34. Kd3 Ke7 35. Rg4 a5 36. Rxd4 Rb5 37. a4 Rg5 38. bxa5 Rxg2 39. a6 f5
40. a7 Rg8 41. Rb4 Ra8 42. Rb7+ 1-0

[Event "DEM U16w 2015"]
[Site "Willingen GER"]
[Date "2015.05.26"]
[Round "5"]
[White "Diener, Carolin Valeria"]
[Black "Ley, Sabrina"]
[Result "1/2-1/2"]
[Termination "normal"]
[Board "3"]
[WhiteElo "1706"]
[BlackElo "1702"]
[WhiteClock "00:08:45"]
[BlackClock "00:26:22"]
[PlyCount "51"]
[WhiteFideId "24699063"]
[BlackFideId "12938130"]
[EventCountry "GER"]
[EventRounds "9"]
[EventType "swiss"]
[EventDate "2015.05.23"]

1. e4 c5 2. Nf3 d6 3. c3 Nf6 4. Bd3 e6 5. O-O Nc6 6. Bc2 Be7 7. h3 O-O 8. Re1
b5 9. d4 Bb7 10. Na3 a6 11. c4 bxc4 12. Nxc4 cxd4 13. Nxd4 Rc8 14. Nxc6 Rxc6
15. b3 d5 16. exd5 Qxd5 17. Qxd5 Nxd5 18. Be4 Bf6 19. Bb2 Bxb2 20. Nxb2 Rc7 21.
Nc4 g6 22. Bxd5 Bxd5 23. Ne3 Rd8 24. Rac1 Rcd7 25. Red1 Kg7 26. Nxd5 1/2-1/2

[Event "DEM U16w 2015"]
[Site "Willingen GER"]
[Date "2015.05.26"]
[Round "5"]
[White "Weis, Olga"]
[Black "Moses, Selina"]
[Result "0-1"]
[Termination "normal"]
[Board "4"]
[WhiteElo "1739"]
[BlackElo "1809"]
[WhiteClock "00:32:16"]
[BlackClock "00:28:28"]
[PlyCount "100"]
[WhiteFideId "1270234"]
[BlackFideId "12908070"]
[EventCountry "GER"]
[EventRounds "9"]
[EventType "swiss"]
[EventDate "2015.05.23"]

1. e4 c5 2. Nf3 d6 3. d4 cxd4 4. Nxd4 Nf6 5. f3 a6 6. c4 e5 7. Nc2 Be6 8. Nc3
Nc6 9. Be3 Be7 10. Qd2 Rc8 11. b3 O-O 12. O-O-O Ne8 13. g4 Qa5 14. Kb1 Kh8 15.
h4 Nb4 16. Na4 Nc6 17. Qf2 Qd8 18. Bb6 Nc7 19. c5 d5 20. exd5 Bxd5 21. Nc3 Nd4
22. Nxd4 exd4 23. Rxd4 Bf6 24. Rxd5 Nxd5 25. Bxd8 Nxc3+ 26. Kc1 Rfxd8 27. Bc4
Bd4 28. Qc2 Be3+ 29. Kb2 Rd2 30. Qxd2 Bxd2 31. Kc2 Rd8 32. b4 Rd4 33. Bd3 Nxa2
34. Kxd2 Nxb4 35. Kc3 Rxd3+ 36. Kxb4 Rxf3 37. Rd1 Rf4+ 38. Ka5 g6 39. Rd7 Kg7
40. Rxb7 Rxg4 41. c6 Rc4 42. c7 Kh6 43. Kxa6 Kh5 44. Rb5+ f5 45. Kb7 Kxh4 46.
c8=Q Rxc8 47. Kxc8 f4 48. Kd7 f3 49. Ke6 f2 50. Rb1 Kg3 0-1

[Event "DEM U16w 2015"]
[Site "Willingen GER"]
[Date "2015.05.26"]
[Round "5"]
[White "Brandl, Lea Maria"]
[Black "Christiansen, Anna"]
[Result "1-0"]
[Termination "normal"]
[Board "5"]
[WhiteElo "1779"]
[BlackElo "1359"]
[WhiteClock "00:39:16"]
[BlackClock "00:01:22"]
[PlyCount "39"]
[WhiteFideId "24693049"]
[BlackFideId "12952230"]
[EventCountry "GER"]
[EventRounds "9"]
[EventType "swiss"]
[EventDate "2015.05.23"]

1. d4 Nf6 2. c4 e5 3. dxe5 Ng4 4. Nf3 Nc6 5. Bf4 h6 6. h3 g5 7. Bg3 Nxf2 8.
Bxf2 Bg7 9. Bg3 Qe7 10. Nc3 Bxe5 11. Nxe5 Nxe5 12. Nd5 Qd6 13. c5 Nf3+ 14. Kf2
Qxc5+ 15. Kxf3 f5 16. e3 O-O 17. Rc1 Qa5 18. Bc4 Kh7 19. Be1 Qc5 20. Bb4 1-0

[Event "DEM U16w 2015"]
[Site "Willingen GER"]
[Date "2015.05.26"]
[Round "5"]
[White "Oberhofer, Marie"]
[Black "Sewald, Kathrin"]
[Result "1-0"]
[Termination "normal"]
[Board "6"]
[WhiteElo "1694"]
[BlackElo "1594"]
[PlyCount "51"]
[WhiteFideId "12938165"]
[BlackFideId "12964557"]
[EventCountry "GER"]
[EventRounds "9"]
[EventType "swiss"]
[EventDate "2015.05.23"]

1. e4 e5 2. Nf3 Nc6 3. Bb5 a6 4. Ba4 Nge7 5. O-O b5 6. Bb3 Ng6 7. c3 d6 8. h3
Qf6 9. d4 h6 10. Be3 Be7 11. Re1 O-O 12. Nbd2 Bb7 13. Nf1 Rad8 14. Ng3 Nf4 15.
Bxf4 exf4 16. Nh5 Qg6 17. Nxf4 Qh7 18. Bc2 Bc8 19. Nd5 Rd7 20. e5 Qh8 21. e6
fxe6 22. Rxe6 Bd8 23. Qe2 Rdf7 24. Re8 Bd7 25. Rxf8+ Kxf8 26. Bg6 1-0

[Event "DEM U16w 2015"]
[Site "Willingen GER"]
[Date "2015.05.26"]
[Round "5"]
[White "Usczeck, Alina"]
[Black "Eggert, Daniela"]
[Result "1/2-1/2"]
[Termination "normal"]
[Board "7"]
[WhiteElo "1755"]
[BlackElo "1647"]
[PlyCount "81"]
[WhiteFideId "12938114"]
[BlackFideId "12991490"]
[EventCountry "GER"]
[EventRounds "9"]
[EventType "swiss"]
[EventDate "2015.05.23"]

1. e4 g6 2. d4 Bg7 3. Nc3 d6 4. Be3 Nd7 5. Qd2 c6 6. O-O-O b5 7. Kb1 b4 8. Nce2
Rb8 9. Nc1 a5 10. f3 Qb6 11. h4 h5 12. Be2 Qc7 13. f4 c5 14. dxc5 Nxc5 15. Bf3
Be6 16. Bd4 Bxd4 17. Qxd4 Nf6 18. e5 dxe5 19. fxe5 Nfd7 20. Re1 a4 21. Nh3 O-O
22. Nf4 Bf5 23. Nd5 Bxc2+ 24. Kxc2 Nb3+ 25. Nxc7 Nxd4+ 26. Kd3 Nxf3 27. gxf3
Rfd8 28. Ke2 Nxe5 29. Na6 Rb5 30. Rd1 Rc8 31. Nd3 Rc2+ 32. Rd2 Rxd2+ 33. Kxd2
Nxf3+ 34. Ke3 Ne5 35. Ndxb4 Nc4+ 36. Kd4 Nxb2 37. Kc3 a3 38. Re1 e6 39. Nc2 Ra5
40. Nc5 Na4+ 41. Kb3 1/2-1/2

[Event "DEM U16w 2015"]
[Site "Willingen GER"]
[Date "2015.05.26"]
[Round "5"]
[White "Gatzke, Carolin"]
[Black "Hartmann, Cora"]
[Result "1-0"]
[Termination "normal"]
[Board "8"]
[WhiteElo "1787"]
[BlackElo "1585"]
[PlyCount "111"]
[WhiteFideId "12943746"]
[BlackFideId "16200764"]
[EventCountry "GER"]
[EventRounds "9"]
[EventType "swiss"]
[EventDate "2015.05.23"]

1. d4 d5 2. Bf4 Bf5 3. e3 e6 4. Nf3 Nd7 5. Bd3 Bxd3 6. Qxd3 Ngf6 7. Nbd2 Be7 8.
h3 O-O 9. g4 c5 10. c3 c4 11. Qc2 Nb6 12. Ne5 Nfd7 13. Ndf3 Nxe5 14. dxe5 f6
15. O-O-O fxe5 16. Nxe5 Nd7 17. Nxd7 Qxd7 18. Bg3 Bd6 19. f4 Bc5 20. Qe2 Qc6
21. e4 dxe4 22. Rde1 Rad8 23. Qxe4 Qxe4 24. Rxe4 Rd3 25. Rxc4 Rxg3 26. Rxc5
Rxf4 27. Rc8+ Rf8 28. Rxf8+ Kxf8 29. Rh2 Ke7 30. Kc2 e5 31. a4 Kd6 32. Rd2+ Kc6
33. Rd3 Rg2+ 34. Rd2 Rg3 35. Rd3 Rg2+ 36. Kb3 Rf2 37. g5 e4 38. Rd8 e3 39. Re8
e2 40. Kc4 Kd6 41. b4 a6 42. a5 g6 43. Kd4 Rf4+ 44. Kd3 Rf3+ 45. Kd2 Rxh3 46.
Rxe2 Rh5 47. Rg2 Ke5 48. c4 Kf5 49. b5 Rxg5 50. Rxg5+ Kxg5 51. c5 h5 52. c6
bxc6 53. bxc6 h4 54. c7 h3 55. c8=Q h2 56. Qh3 1-0

[Event "DEM U16w 2015"]
[Site "Willingen GER"]
[Date "2015.05.26"]
[Round "5"]
[White "Denkert, Anna"]
[Black "Simon, Tessa"]
[Result "1/2-1/2"]
[Termination "normal"]
[Board "9"]
[WhiteElo "1689"]
[BlackElo "1903"]
[PlyCount "77"]
[WhiteFideId "12938122"]
[BlackFideId "12929395"]
[EventCountry "GER"]
[EventRounds "9"]
[EventType "swiss"]
[EventDate "2015.05.23"]

1. e4 c5 2. Nc3 Nc6 3. g3 g6 4. Bg2 Bg7 5. d3 e6 6. Be3 d6 7. Qd2 Nd4 8. Nd1 b6
9. c3 Nc6 10. Nf3 Ba6 11. O-O Nge7 12. Ne1 O-O 13. Bh6 Rc8 14. Bxg7 Kxg7 15.
Ne3 d5 16. Ng4 f6 17. Qh6+ Kh8 18. Rd1 Ng8 19. Qd2 dxe4 20. Bxe4 f5 21. Bxc6
Rxc6 22. Ne5 Rc7 23. N1f3 Bb7 24. Ng5 Qd5 25. Ngf3 Nf6 26. c4 Qd6 27. Qh6 Kg8
28. Rfe1 Ng4 29. Qh4 Nxe5 30. Nxe5 Kg7 31. Qf4 Qe7 32. Nf3 Bxf3 33. Qxf3 e5 34.
Qd5 Re8 35. f4 e4 36. dxe4 fxe4 37. Re3 Qf6 38. b3 Rce7 39. Qd2 1/2-1/2

[Event "DEM U16w 2015"]
[Site "Willingen GER"]
[Date "2015.05.26"]
[Round "5"]
[White "Grund, Melanie"]
[Black "Klinkenberg, Cora"]
[Result "1-0"]
[Termination "normal"]
[Board "10"]
[WhiteElo "1782"]
[BlackElo "1622"]
[PlyCount "67"]
[WhiteFideId "12988804"]
[BlackFideId "16203186"]
[EventCountry "GER"]
[EventRounds "9"]
[EventType "swiss"]
[EventDate "2015.05.23"]

1. d4 Nc6 2. d5 Ne5 3. e4 Nf6 4. Nc3 d6 5. h3 a6 6. Nf3 e6 7. dxe6 Bxe6 8. Bf4
Ng6 9. Bg3 Be7 10. Be2 O-O 11. O-O h6 12. Nd4 Qd7 13. Kh2 d5 14. f4 c5 15. Nxe6
fxe6 16. e5 Ne8 17. Bg4 Nc7 18. f5 Nh8 19. fxe6 Qc6 20. Qd3 d4 21. Ne2 Nd5 22.
Bf5 g5 23. Be4 Qxe6 24. c3 Rad8 25. cxd4 Nb4 26. Rxf8+ Bxf8 27. Qc3 Nc6 28. d5
Qd7 29. dxc6 bxc6 30. Qc4+ Kg7 31. e6 Qc8 32. Be5+ Kg8 33. e7+ Nf7 34. Bh7+ 1-0

[Event "DEM U16w 2015"]
[Site "Willingen GER"]
[Date "2015.05.26"]
[Round "5"]
[White "Silber, Stefanie"]
[Black "Reyher, Susan"]
[Result "1-0"]
[Termination "normal"]
[Board "11"]
[WhiteElo "1590"]
[BlackElo "1680"]
[PlyCount "45"]
[WhiteFideId "12918245"]
[BlackFideId "24686107"]
[EventCountry "GER"]
[EventRounds "9"]
[EventType "swiss"]
[EventDate "2015.05.23"]

1. e4 e5 2. Bc4 Nf6 3. Nf3 Nc6 4. Ng5 d5 5. exd5 Na5 6. Bb3 Nxb3 7. axb3 Qxd5
8. O-O h6 9. Nc3 Qd8 10. Nf3 Bd6 11. Nxe5 O-O 12. Nc4 Bxh2+ 13. Kh1 Ng4 14. g3
b6 15. d4 Qf6 16. Nd5 Bb7 17. Qxg4 Bxg3 18. Qxg3 Bxd5+ 19. Kh2 Rae8 20. Ne5 Re7
21. Rg1 c5 22. Ng4 Qxd4 23. c3 1-0

[Event "DEM U16w 2015"]
[Site "Willingen GER"]
[Date "2015.05.26"]
[Round "5"]
[White "Giede, Anna-Blume"]
[Black "Möller, Hannah"]
[Result "0-1"]
[Termination "normal"]
[Board "12"]
[WhiteElo "1454"]
[BlackElo "1583"]
[PlyCount "74"]
[WhiteFideId "12921980"]
[BlackFideId "1270514"]
[EventCountry "GER"]
[EventRounds "9"]
[EventType "swiss"]
[EventDate "2015.05.23"]

1. e4 c5 2. c3 d6 3. d4 cxd4 4. cxd4 Nf6 5. Nc3 g6 6. Nf3 Bg7 7. Bc4 Nc6 8. h3
Bd7 9. O-O O-O 10. Bg5 h6 11. Be3 a6 12. a3 Qc7 13. Ba2 b5 14. Rc1 Qd8 15. Qd2
Kh7 16. Rfd1 Bc8 17. Qd3 Rb8 18. Nd2 Qd7 19. f4 Bb7 20. Nf3 b4 21. Ne2 a5 22.
Ng3 a4 23. f5 b3 24. Bb1 Qe8 25. fxg6+ fxg6 26. Kh2 Nd7 27. Nh5 Bh8 28. Nf4 e5
29. Nd5 exd4 30. Nxd4 Nde5 31. Qd2 Bg7 32. Nc7 Qe7 33. Nde6 Rf6 34. Qxd6 Qf7
35. Bd4 Nxd4 36. Rxd4 Rf2 37. Nxg7 Qf3 0-1

[Event "DEM U16w 2015"]
[Site "Willingen GER"]
[Date "2015.05.27"]
[Round "6"]
[White "Wächter, Nathalie"]
[Black "Brandl, Lea Maria"]
[Result "1-0"]
[Termination "normal"]
[Board "1"]
[WhiteElo "1925"]
[BlackElo "1779"]
[WhiteClock "00:01:28"]
[BlackClock "00:01:29"]
[PlyCount "134"]
[WhiteFideId "12921033"]
[BlackFideId "24693049"]
[EventCountry "GER"]
[EventRounds "9"]
[EventType "swiss"]
[EventDate "2015.05.23"]

1. d4 Nf6 2. c4 g6 3. Nc3 d5 4. e3 Bg7 5. cxd5 Nxd5 6. Nxd5 Qxd5 7. Ne2 O-O 8.
Nc3 Qd8 9. Be2 e6 10. O-O Qe7 11. Qb3 Rd8 12. Bf3 c6 13. Bd2 b6 14. Rac1 Bb7
15. Rfd1 Na6 16. Na4 Rac8 17. h3 Rd7 18. Rc2 Qd8 19. Rdc1 Rd6 20. Be1 Qd7 21.
Nc3 c5 22. Ne4 Bxe4 23. Bxe4 Rd8 24. Bd3 Nb8 25. Bb5 Qb7 26. dxc5 bxc5 27. Rxc5
a6 28. Ba5 Rf8 29. Ba4 Qxb3 30. Bxb3 Bxb2 31. R1c2 Ba3 32. Rc8 Rd1+ 33. Kh2 Nd7
34. Rxf8+ Nxf8 35. Rc6 Rd7 36. Rxa6 Bd6+ 37. g3 Be7 38. Ba4 Rb7 39. Bb3 Rd7 40.
Rc6 Kg7 41. Rc7 Rxc7 42. Bxc7 Ba3 43. Ba4 Kf6 44. e4 Ke7 45. Kg2 Nd7 46. f4 Nc5
47. Bc2 Na6 48. Be5 Nb4 49. Bb1 Kd7 50. Kf3 f5 51. exf5 exf5 52. Ke3 Kc6 53.
Kd4 Kd7 54. Kc4 Nc6 55. Bc3 Bd6 56. Bc2 Bb8 57. a4 Ba7 58. a5 h5 59. Be1 Nxa5+
60. Bxa5 Bf2 61. Ba4+ Ke7 62. Kd5 Bxg3 63. Bd2 Kf7 64. Bb3 Bh4 65. Kd6+ Kg7 66.
Ke6 Bf6 67. Be3 Bb2 1-0

[Event "DEM U16w 2015"]
[Site "Willingen GER"]
[Date "2015.05.27"]
[Round "6"]
[White "Peters, Theresa"]
[Black "Sieber, Fiona"]
[Result "0-1"]
[Termination "normal"]
[Board "2"]
[BlackTitle "WFM"]
[WhiteElo "1647"]
[BlackElo "2104"]
[WhiteClock "00:13:28"]
[BlackClock "00:12:04"]
[PlyCount "114"]
[WhiteFideId "12952192"]
[BlackFideId "12902373"]
[EventCountry "GER"]
[EventRounds "9"]
[EventType "swiss"]
[EventDate "2015.05.23"]

1. d4 Nf6 2. Bg5 d5 3. e3 c5 4. c3 Qb6 5. Qb3 e6 6. Nf3 Nc6 7. Nbd2 Bd6 8. Bd3
Qc7 9. Qc2 cxd4 10. exd4 Nh5 11. Bxh7 g6 12. Bxg6 fxg6 13. Qxg6+ Qf7 14. Qxf7+
Kxf7 15. O-O-O Bd7 16. Rde1 Nf4 17. Bxf4 Bxf4 18. Ne5+ Nxe5 19. dxe5 Bc6 20.
Kc2 Bxd2 21. Kxd2 d4 22. f3 dxc3+ 23. Kxc3 Rac8 24. Kd2 Rcd8+ 25. Kc3 Rh4 26.
Re3 Bd5 27. b3 Rc8+ 28. Kd3 Rg8 29. g3 Rxg3 30. hxg3 Rxh1 31. Kc3 Rf1 32. f4
Rf3 33. Rxf3 Bxf3 34. Kd4 Ke7 35. Ke3 Bg4 36. Kd4 Kd7 37. Kc5 Kc7 38. b4 b6+
39. Kc4 Kc6 40. a3 Be2+ 41. Kd4 Bg4 42. Kc4 Bf5 43. b5+ Kd7 44. Kd4 Ke7 45. Ke3
Bg4 46. Ke4 Kf7 47. Ke3 Kg6 48. Ke4 Bh3 49. Ke3 Kf5 50. Kf3 Bg4+ 51. Ke3 Bd1
52. Kd2 Ba4 53. Ke3 Bxb5 54. Kf3 Bc6+ 55. Ke3 Kg4 56. Kd4 Kxg3 57. f5 exf5 0-1

[Event "DEM U16w 2015"]
[Site "Willingen GER"]
[Date "2015.05.27"]
[Round "6"]
[White "Rogozenco, Teodora"]
[Black "Gatzke, Carolin"]
[Result "1-0"]
[Termination "normal"]
[Board "3"]
[WhiteElo "1961"]
[BlackElo "1787"]
[WhiteClock "00:32:58"]
[BlackClock "00:20:36"]
[PlyCount "93"]
[WhiteFideId "12938084"]
[BlackFideId "12943746"]
[EventCountry "GER"]
[EventRounds "9"]
[EventType "swiss"]
[EventDate "2015.05.23"]

1. d4 f5 2. c4 Nf6 3. Nc3 e6 4. Nf3 d5 5. Bf4 c6 6. e3 Be7 7. Bd3 O-O 8. Qc2
Ne4 9. Ne5 Nd7 10. f3 Nxe5 11. Bxe5 Nd6 12. b3 Bg5 13. Ke2 Bf6 14. Bf4 Re8 15.
Kf2 dxc4 16. bxc4 e5 17. dxe5 Bxe5 18. Bxe5 Rxe5 19. Rhe1 Kh8 20. e4 Nxc4 21.
Kg1 Ne3 22. Rxe3 Qd4 23. Qf2 Qxc3 24. Rd1 Re8 25. e5 Be6 26. Bxf5 Rad8 27. Rxd8
Rxd8 28. Rxc3 Rd1+ 29. Qf1 Rxf1+ 30. Kxf1 Bxf5 31. Rb3 b6 32. Rc3 c5 33. Ra3 a6
34. Ke1 Kg8 35. Rxa6 b5 36. Rc6 c4 37. Rc5 b4 38. Rxc4 Be6 39. Rxb4 Bxa2 40.
Rb7 Bd5 41. Ra7 g5 42. Kf2 h5 43. g3 h4 44. gxh4 gxh4 45. f4 Be4 46. Ke3 Bf5
47. Kd4 1-0

[Event "DEM U16w 2015"]
[Site "Willingen GER"]
[Date "2015.05.27"]
[Round "6"]
[White "Moses, Selina"]
[Black "Diener, Carolin Valeria"]
[Result "1-0"]
[Termination "normal"]
[Board "4"]
[WhiteElo "1809"]
[BlackElo "1706"]
[WhiteClock "00:35:45"]
[BlackClock "00:28:24"]
[PlyCount "97"]
[WhiteFideId "12908070"]
[BlackFideId "24699063"]
[EventCountry "GER"]
[EventRounds "9"]
[EventType "swiss"]
[EventDate "2015.05.23"]

1. e4 e5 2. Nf3 Nc6 3. Bb5 a6 4. Bxc6 dxc6 5. O-O f6 6. d4 exd4 7. Nxd4 c5 8.
Nb3 Qxd1 9. Rxd1 Bg4 10. f3 Be6 11. Be3 b6 12. Bf4 c4 13. Nd4 O-O-O 14. Nc3 Bc5
15. Be3 Bxd4 16. Bxd4 c5 17. Be3 Ne7 18. Ne2 Nc6 19. a3 Kb7 20. h3 h5 21. f4
Bf7 22. Kf2 Bg6 23. f5 Bf7 24. Ke1 g6 25. Nf4 g5 26. Ne2 h4 27. Rxd8 Rxd8 28.
Rd1 Rxd1+ 29. Kxd1 Ne5 30. Bd2 Kc6 31. Bc3 Kd6 32. Ng1 Bh5+ 33. Kd2 Nd7 34. Nf3
Bxf3 35. gxf3 Ne5 36. Ke3 Ke7 37. f4 gxf4+ 38. Kxf4 Nc6 39. Be1 Nd4 40. Bxh4
Nxc2 41. e5 Nxa3 42. Bxf6+ Ke8 43. bxa3 b5 44. Ke4 b4 45. axb4 cxb4 46. Kd4 c3
47. Kd3 a5 48. e6 a4 49. Bxc3 1-0

[Event "DEM U16w 2015"]
[Site "Willingen GER"]
[Date "2015.05.27"]
[Round "6"]
[White "Ley, Sabrina"]
[Black "Oberhofer, Marie"]
[Result "1-0"]
[Termination "normal"]
[Board "5"]
[WhiteElo "1702"]
[BlackElo "1694"]
[WhiteClock "00:21:48"]
[BlackClock "00:13:43"]
[PlyCount "105"]
[WhiteFideId "12938130"]
[BlackFideId "12938165"]
[EventCountry "GER"]
[EventRounds "9"]
[EventType "swiss"]
[EventDate "2015.05.23"]

1. e4 c5 2. Ne2 d6 3. g3 Nf6 4. Bg2 g6 5. O-O Bg7 6. c3 O-O 7. d4 cxd4 8. cxd4
Nc6 9. Nbc3 Bd7 10. h3 Rb8 11. Be3 a6 12. Qd2 b5 13. Nf4 e6 14. Nd3 Na5 15. b3
Bc6 16. Nb4 Bb7 17. f4 Qd7 18. Rad1 Nc6 19. Nd3 Ne7 20. e5 Nfd5 21. Ne4 Nxe3
22. Qxe3 Nf5 23. Qf2 Bxe4 24. Bxe4 d5 25. Bxf5 gxf5 26. Nc5 Qa7 27. b4 Kh8 28.
Rc1 Rg8 29. Kh2 Bf8 30. Qe2 Be7 31. Rg1 Rg6 32. a3 Rbg8 33. Rc3 Bf8 34. Qd2 Bh6
35. Qc1 Rc8 36. Rg2 Qa8 37. Nd7 Rxc3 38. Qxc3 Rg8 39. Rc2 Bg7 40. Qc7 Qd8 41.
Rc6 Qxc7 42. Rxc7 Ra8 43. Nb6 Rb8 44. Rc8+ Rxc8 45. Nxc8 f6 46. Nd6 Kg8 47. Ne8
fxe5 48. dxe5 Kf7 49. Nc7 Ke7 50. Nxa6 Kd7 51. Nc5+ Ke7 52. Kg2 Bf8 53. Kf3 1-0

[Event "DEM U16w 2015"]
[Site "Willingen GER"]
[Date "2015.05.27"]
[Round "6"]
[White "Silber, Stefanie"]
[Black "Weis, Olga"]
[Result "0-1"]
[Termination "normal"]
[Board "6"]
[WhiteElo "1590"]
[BlackElo "1739"]
[PlyCount "116"]
[WhiteFideId "12918245"]
[BlackFideId "1270234"]
[EventCountry "GER"]
[EventRounds "9"]
[EventType "swiss"]
[EventDate "2015.05.23"]

1. e4 c5 2. Nf3 e6 3. d4 cxd4 4. Nxd4 a6 5. Be2 Nf6 6. Nc3 Qc7 7. O-O d6 8. Qd3
b5 9. a3 Bb7 10. f4 Nbd7 11. Bf3 Be7 12. Bd2 O-O 13. Rae1 Nb6 14. e5 dxe5 15.
fxe5 Nfd5 16. Be4 g6 17. Bh6 Rfd8 18. Qf3 Bf8 19. Nxd5 Nxd5 20. Bxf8 Rxf8 21.
Qg4 Rad8 22. Nxe6 Qb6+ 23. Kh1 Qxe6 24. Qxe6 fxe6 25. Kg1 Rxf1+ 26. Rxf1 Ne3
27. Bxb7 Nxf1 28. Kxf1 a5 29. Ke2 g5 30. b4 axb4 31. axb4 Kg7 32. c3 Kf7 33.
Bc6 Rc8 34. Bxb5 Rxc3 35. Bd3 h6 36. g3 Rb3 37. h4 gxh4 38. gxh4 h5 39. Ke3
Rxb4 40. Be4 Kg7 41. Kf3 Ra4 42. Ke3 Rc4 43. Kf3 Kh6 44. Bb7 Rc7 45. Ba6 Rc3+
46. Kf4 Rh3 47. Bc8 Rxh4+ 48. Ke3 Kg5 49. Bxe6 Rh1 50. Bd5 Re1+ 51. Kd4 h4 52.
e6 h3 53. Kc5 h2 54. Kd6 Kf6 55. e7 Rxe7 56. Bh1 Re1 57. Bf3 h1=Q 58. Bg4 Qh2+
0-1

[Event "DEM U16w 2015"]
[Site "Willingen GER"]
[Date "2015.05.27"]
[Round "6"]
[White "Eggert, Daniela"]
[Black "Grund, Melanie"]
[Result "1-0"]
[Termination "normal"]
[Board "7"]
[WhiteElo "1647"]
[BlackElo "1782"]
[PlyCount "73"]
[WhiteFideId "12991490"]
[BlackFideId "12988804"]
[EventCountry "GER"]
[EventRounds "9"]
[EventType "swiss"]
[EventDate "2015.05.23"]

1. Nf3 d5 2. g3 e6 3. Bg2 Bd6 4. O-O f5 5. c4 c6 6. cxd5 exd5 7. d3 Nf6 8. Nc3
O-O 9. e4 fxe4 10. dxe4 dxe4 11. Ng5 Qe7 12. Ngxe4 Bc7 13. Bg5 Nbd7 14. Nxf6+
Nxf6 15. Ne4 Be5 16. f4 Bxb2 17. Qb3+ Qe6 18. Qxb2 Nxe4 19. Rfe1 h6 20. Bxe4
Qc4 21. Be7 Re8 22. Qb4 Qf7 23. Bc5 Be6 24. a4 a5 25. Qb2 Bd5 26. Bxd5 Qxd5 27.
Rxe8+ Rxe8 28. Bf2 c5 29. Qb5 Rc8 30. Qxa5 Qc6 31. Rb1 c4 32. Qb6 Qe4 33. Qxb7
Qxb7 34. Rxb7 c3 35. Rb1 Ra8 36. Rc1 Rxa4 37. Rxc3 1-0

[Event "DEM U16w 2015"]
[Site "Willingen GER"]
[Date "2015.05.27"]
[Round "6"]
[White "Sewald, Kathrin"]
[Black "Hartmann, Cora"]
[Result "0-1"]
[Termination "normal"]
[Board "9"]
[WhiteElo "1594"]
[BlackElo "1585"]
[PlyCount "92"]
[WhiteFideId "12964557"]
[BlackFideId "16200764"]
[EventCountry "GER"]
[EventRounds "9"]
[EventType "swiss"]
[EventDate "2015.05.23"]

1. e4 e5 2. Nf3 Nc6 3. Bc4 Bc5 4. c3 Nf6 5. d3 d6 6. Bb3 O-O 7. Bg5 h6 8. Bh4
a6 9. Nbd2 Ba7 10. Nf1 Be6 11. Qd2 Bg4 12. h3 Bxf3 13. gxf3 Nxe4 14. fxe4 Qxh4
15. Ng3 Ne7 16. Rg1 Qxh3 17. O-O-O Qh4 18. Rdf1 Qf4 19. Qxf4 exf4 20. Nh5 g5
21. Nxf4 Kh7 22. Nh3 Ng6 23. d4 Rae8 24. Bc2 c5 25. Rd1 cxd4 26. cxd4 Rc8 27.
Rd2 Nh4 28. Rg3 Ng6 29. Kb1 Rc4 30. Rgd3 Rfc8 31. a3 Kg7 32. f3 Bb6 33. Bb3
Rc1+ 34. Ka2 Ba5 35. Rd1 Rxd1 36. Rxd1 Bb6 37. Bd5 Rc7 38. Kb1 Ne7 39. Ba2 Nc6
40. d5 Nd4 41. Ng1 Kf6 42. Rd3 Rc2 43. Bb3 Rg2 44. Nh3 Rh2 45. f4 g4 46. e5+
Ke7 0-1

[Event "DEM U16w 2015"]
[Site "Willingen GER"]
[Date "2015.05.27"]
[Round "6"]
[White "Christiansen, Anna"]
[Black "Denkert, Anna"]
[Result "1/2-1/2"]
[Termination "normal"]
[Board "10"]
[WhiteElo "1359"]
[BlackElo "1689"]
[PlyCount "185"]
[WhiteFideId "12952230"]
[BlackFideId "12938122"]
[EventCountry "GER"]
[EventRounds "9"]
[EventType "swiss"]
[EventDate "2015.05.23"]

1. e4 c6 2. Nf3 d5 3. Nc3 Bg4 4. h3 Bxf3 5. Qxf3 e6 6. exd5 cxd5 7. Bb5+ Nc6 8.
O-O Nf6 9. Ne2 Bd6 10. Bxc6+ bxc6 11. d3 Qb6 12. Ng3 O-O 13. Kh1 Rab8 14. Nh5
Nxh5 15. Qxh5 Bc5 16. Qf3 Bd4 17. c3 Bf6 18. g4 Qd8 19. Rg1 Bg5 20. Bxg5 Qxg5
21. b3 Qd2 22. c4 Rfd8 23. Rgd1 Qc3 24. Qg2 Rd7 25. f4 Rbd8 26. cxd5 Rxd5 27.
Rac1 Qd4 28. Rxc6 Qxf4 29. Ra6 Qe3 30. Rd2 g6 31. Re2 Qxd3 32. Rxa7 Qd1+ 33.
Kh2 Rd2 34. Ra8 Rxe2 35. Rxd8+ Qxd8 36. Qxe2 Kf8 37. Kg2 Ke7 38. a4 Qa5 39. Kg3
e5 40. Kf3 f5 41. gxf5 gxf5 42. Qc4 Qa8+ 43. Kf2 Qa7+ 44. Ke2 f4 45. Qb4+ Ke6
46. Qc4+ Kf6 47. Qc6+ Kg7 48. Qe4 Qa6+ 49. Qc4 Qb6 50. Qe4 Kf6 51. b4 Qe6 52.
a5 Qxh3 53. a6 Qh2+ 54. Kf1 Qh3+ 55. Qg2 Qd3+ 56. Qe2 Qa3 57. b5 f3 58. Qc2 Qe3
59. a7 Qxa7 60. Qc6+ Ke7 61. Qxf3 Qa1+ 62. Kg2 Qb2+ 63. Kg3 Qxb5 64. Qc3 Ke6
65. Qe3 Qb1 66. Kg2 Qg6+ 67. Kh1 Qh5+ 68. Kg2 h6 69. Qb6+ Kf5 70. Qf2+ Ke4 71.
Qc2+ Kf4 72. Qf2+ Kg5 73. Qe3+ Kf6 74. Qb6+ Kg7 75. Qc7+ Kf8 76. Qd6+ Kf7 77.
Qd7+ Kf6 78. Qd6+ Kf5 79. Qd7+ Ke4 80. Qc6+ Kf4 81. Qc1+ Kf5 82. Qc8+ Kf6 83.
Qd8+ Ke6 84. Qc8+ Kd5 85. Qd7+ Ke4 86. Qc6+ Kf4 87. Qc1+ Kf5 88. Qc8+ Kg5 89.
Qc1+ Kg6 90. Qc6+ Kg7 91. Qc7+ Kf8 92. Qd6+ Kg7 93. Qc7+ 1/2-1/2

[Event "DEM U16w 2015"]
[Site "Willingen GER"]
[Date "2015.05.27"]
[Round "6"]
[White "Klinkenberg, Cora"]
[Black "Giede, Anna-Blume"]
[Result "1/2-1/2"]
[Termination "normal"]
[Board "11"]
[WhiteElo "1622"]
[BlackElo "1454"]
[PlyCount "61"]
[WhiteFideId "16203186"]
[BlackFideId "12921980"]
[EventCountry "GER"]
[EventRounds "9"]
[EventType "swiss"]
[EventDate "2015.05.23"]

1. e4 c6 2. d4 d5 3. e5 c5 4. dxc5 e6 5. Nc3 Bxc5 6. Bf4 Ne7 7. Bg3 a6 8. Bd3
Nd7 9. Nf3 h6 10. O-O O-O 11. Qd2 Nc6 12. a3 b5 13. Bf4 Qe7 14. Rfe1 Ba7 15. h3
Nc5 16. Be3 Bd7 17. Rad1 Rac8 18. Ne2 Nxd3 19. Qxd3 Bxe3 20. Qxe3 Na5 21. Qd3
Nc4 22. Qb3 Rc7 23. Ned4 Rfc8 24. c3 Na5 25. Qc2 Nc4 26. Nd2 Qe8 27. Nxc4 bxc4
28. Qe2 Rb8 29. Rd2 Rb6 30. f4 Rcb7 31. Rb1 1/2-1/2